Statistics for Real Names of Fictional Characters

Click here to take the quiz!

General Stats

  • This quiz has been taken 34 times
  • The average score is 7 of 15

Answer Stats

Real nameFrom...Famous name% Correct
Norville RogersScooby DooShaggy
85%
Arthur FonzarelliHappy DaysThe Fonz
77%
Barbara Millicent Roberts[title character, toys]Barbie
69%
Henry Jones, Jr.[title character, movies]Indiana Jones
69%
Patricia ReichardtPeanutsPeppermint Patty
65%
Herschel KrustofskiThe SimpsonsKrusty the Clown
58%
Benjamin Franklin PierceM*A*S*HHawkeye Pierce
54%
Forsythe Pendleton Jones IIIArchie comicsJughead Jones
50%
Jonas GrumbyGilligan's IslandThe Skipper
38%
Edward Bear[title character, books]Winnie-the-Pooh
38%
Oscar Zoroaster Phadrig Issac Norman Henkle Emmannuel Ambroise DiggsThe Wonderful [title character]The Wizard of Oz
35%
Gordon Shumway[title character, television]ALF
27%
Leroy Brown[title character, books]Encyclopedia Brown
27%
Bernie LiederkrantzSesame StreetGuy Smiley
15%
Hoban WashburnFirefly/SerenityWash
15%

Score Distribution

Percentile by Number Answered

Percent of People with Each Score

Your Score History

You have not taken this quiz